Griffiths complete building price book 2012 (Record no. 114230)

MARC details
000 -LEADER
fixed length control field 01680cam a22002655a 4500
001 - CONTROL NUMBER
control field L156387
008 - FIXED-LENGTH DATA ELEMENTS--GENERAL INFORMATION
fixed length control field 160512s2012 xxk f 001 0 eng d
020 ## - INTERNATIONAL STANDARD BOOK NUMBER
International Standard Book Number 9781901856330
035 ## - SYSTEM CONTROL NUMBER
System control number (Sirsi) u156387
041 0# - LANGUAGE CODE
Language code of text/sound track or separate title eng
050 04 - LIBRARY OF CONGRESS CALL NUMBER
Classification number 692.5 $2 18
110 2# - MAIN ENTRY--CORPORATE NAME
Corporate name or jurisdiction name as entry element Franklin & Andrews Limited
245 00 - TITLE STATEMENT
Title Griffiths complete building price book 2012
Remainder of title a complete guide for estimating, checking and forecasting building and civil engineering costs
250 ## - EDITION STATEMENT
Edition statement 58th ed.
260 ## - PUBLICATION, DISTRIBUTION, ETC.
Place of publication, distribution, etc. Croydon
Name of publisher, distributor, etc. Franklin & Andrews Limited
Date of publication, distribution, etc. 2011.
300 ## - PHYSICAL DESCRIPTION
Extent 578p.
Dimensions 29cm.
350 ## - PRICE (NR) (BK AM CF MU VM SE) [OBSOLETE]
Price 99.40
505 2# - FORMATTED CONTENTS NOTE
Formatted contents note Introduction -- New Work -- Alterations and Repairs -- Dayworks -- Memoranda.
520 ## - SUMMARY, ETC.
Summary, etc. A guide for estimating building and civil engineering works compiled in accordance with SMM6.Traditional building trades. The main focuses are site work, concrete work, masonry, roofing, structural steelwork, plumbing & engineering installations, electrical installations and civil engineering activity. The second section deals extensively with alterations and repair. The rates are at bill of quantities unit rate level of detail with separate values for labour plant and material components, easy to read descriptions, labour constants, all-in unit rates with and without profit mark-up, pricing for new construction, extension, refurbishment and grant works. The final section includes a memoranda and tables of reference data. Benchmark build cost per m2 provided for a range of building types, elemental cost analysis provided for a range of building types.
521 ## - TARGET AUDIENCE NOTE
Target audience note Advanced
651 #4 - SUBJECT ADDED ENTRY--GEOGRAPHIC NAME
Geographic name United Kingdom
Chronological subdivision
690 ## - LOCAL SUBJECT ADDED ENTRY--TOPICAL TERM (OCLC, RLIN)
Topical term or geographic name as entry element Cost management
9 (RLIN) 6233
942 ## - ADDED ENTRY ELEMENTS (KOHA)
Suppress in OPAC 0
Holdings
Withdrawn status Lost status Source of classification or shelving scheme Damaged status Not for loan Home library Current library Shelving location Date acquired Total Checkouts Full call number Barcode Date last seen Copy number Price effective from Koha item type
    Dewey Decimal Classification     London London Folio 05/07/2012   F692.5 GRI 30077438 06/08/2019 1 06/08/2019 Book